[Event "Hessen-ch Seniors op 12th"]
[Site "Bad Sooden-Allendorf"]
[Date "2016.05.03"]
[Round "4"]
[White "Reimann, Guenther"]
[Black "Bartl, Birgit"]
[Result "1/2-1/2"]
[WhiteElo "1931"]
[BlackElo "1545"]
[PlyCount "77"]
[EventDate "2016.04.30"]
[EventType "swiss"]
[EventRounds "9"]
[EventCountry "GER"]
[SourceTitle "EXT 2019"]
[Source "ChessBase"]
[SourceDate "2018.10.10"]
[SourceVersion "1"]
[SourceVersionDate "2018.10.10"]
[SourceQuality "1"]

1. c4 c5 2. Nf3 Nf6 3. g3 Nc6 4. Bg2 e6 5. d3 Be7 6. 0-0 0-0 7. a3 d5 8. Nbd2 Qc7 9. Re1 Rd8 10. Qc2 b6 11. Rb1 Rb8 12. cxd5 exd5 13. d4 Bb7 14. dxc5 Bxc5 15. b4 Bd6 16. Nb3 Qd7 17. Bg5 Be7 18. Rbd1 h6 19. Bf4 Rbc8 20. Qd3 Bd6 21. Bxd6 Qxd6 22. e4 Ne5 23. Nxe5 Qxe5 24. f4 Qb8 25. e5 Ne4 26. Rc1 Rxc1 27. Rxc1 Rc8 28. Rc2 Rxc2 29. Qxc2 Qd8 30. b5 f6 31. e6 Qd6 32. Nd4 Qxa3 33. Bxe4 Qe3+ 34. Qf2 Qxe4 35. Nc6 Qxe6 36. Nd8 Qd7 37. Nxb7 Qxb7 38. Qc2 d4 39. Qc4+ 1/2-1/2

[Event "Hessen-ch Seniors op 12th"]
[Site "Bad Sooden-Allendorf"]
[Date "2016.04.30"]
[Round "1"]
[White "Bartl, Birgit"]
[Black "Kuehn, Peter1"]
[Result "1/2-1/2"]
[WhiteElo "1545"]
[BlackElo "1951"]
[PlyCount "46"]
[EventDate "2016.04.30"]
[EventType "swiss"]
[EventRounds "9"]
[EventCountry "GER"]
[SourceTitle "EXT 2019"]
[Source "ChessBase"]
[SourceDate "2018.10.10"]
[SourceVersion "1"]
[SourceVersionDate "2018.10.10"]
[SourceQuality "1"]

1. d4 f5 2. Nf3 Nf6 3. e3 e6 4. Bd3 b6 5. 0-0 Bb7 6. Nbd2 Be7 7. b3 Ne4 8. Bb2 0-0 9. c4 g5 10. h3 Qe8 11. Nh2 d6 12. f3 Ng3 13. Rf2 Nd7 14. Ndf1 Nxf1 15. Nxf1 Nf6 16. Rc1 c5 17. d5 exd5 18. Bxf5 Qf7 19. Ng3 dxc4 20. bxc4 d5 21. Bd3 Rad8 22. Nf5 Qe8 23. Qc2 Kh8 1/2-1/2

[Event "Hessen-ch Seniors op 11th"]
[Site "Bad Sooden-Allendorf"]
[Date "2015.05.17"]
[Round "9"]
[White "Bartl, Birgit"]
[Black "Schwab, Wolfgang"]
[Result "0-1"]
[WhiteElo "1506"]
[BlackElo "1763"]
[PlyCount "76"]
[EventDate "2015.05.09"]
[EventType "swiss"]
[EventRounds "9"]
[EventCountry "GER"]
[SourceTitle "EXT 2018"]
[Source "ChessBase"]
[SourceDate "2017.10.13"]
[SourceVersion "1"]
[SourceVersionDate "2017.10.13"]
[SourceQuality "1"]

1. d4 Nf6 2. Nf3 e6 3. e3 c5 4. c3 b6 5. Bd3 Bb7 6. 0-0 Be7 7. Nbd2 d6 8. e4 Nbd7 9. Re1 cxd4 10. cxd4 a6 11. b3 0-0 12. Bb2 Rc8 13. Rc1 Nh5 14. Bb1 Nf4 15. Nf1 a5 16. g3 Nh3+ 17. Kg2 Ng5 18. Rxc8 Qxc8 19. Bc1 Nxf3 20. Qxf3 f5 21. Qd1 Nf6 22. f3 fxe4 23. Bxe4 Nxe4 24. fxe4 Qc3 25. Re3 Qc7 26. Nd2 Rc8 27. Kg1 Qxc1 28. Qxc1 Rxc1+ 29. Kf2 Rc2 30. Ke1 Bg5 31. Kd1 Rxa2 32. Re2 Rxd2+ 33. Rxd2 Bxd2 34. Kxd2 Bxe4 35. Kc3 b5 36. h4 Kf7 37. g4 Kg6 38. Kd2 Bf3 0-1

[Event "Hessen-ch Seniors op 11th"]
[Site "Bad Sooden-Allendorf"]
[Date "2015.05.12"]
[Round "4"]
[White "Merettig, Georg"]
[Black "Bartl, Birgit"]
[Result "1-0"]
[WhiteElo "1884"]
[BlackElo "1506"]
[PlyCount "79"]
[EventDate "2015.05.09"]
[EventType "swiss"]
[EventRounds "9"]
[EventCountry "GER"]
[SourceTitle "EXT 2018"]
[Source "ChessBase"]
[SourceDate "2017.10.13"]
[SourceVersion "1"]
[SourceVersionDate "2017.10.13"]
[SourceQuality "1"]

1. Nc3 e5 2. b3 Nf6 3. Bb2 d6 4. e3 Be7 5. Nf3 0-0 6. Ne2 e4 7. Ng5 d5 8. Ng3 Nbd7 9. Nh3 g6 10. Be2 Bd6 11. 0-0 Be5 12. c3 Nc5 13. d4 Bxg3 14. fxg3 Nd3 15. Bxd3 exd3 16. Qxd3 Bf5 17. Rxf5 gxf5 18. Qxf5 Qe7 19. Qg5+ Kh8 20. Rf1 Ng8 21. Rf5 Qxg5 22. Nxg5 f6 23. Ne6 Rf7 24. Rxd5 c6 25. Rd6 Re8 26. c4 Rfe7 27. d5 h6 28. e4 Kh7 29. Bd4 a6 30. g4 Kg6 31. Kf2 h5 32. gxh5+ Kxh5 33. Kf3 Rf7 34. g4+ Kg6 35. h4 Ne7 36. h5+ Kh7 37. Nd8 Rxd8 38. Rxd8 Ng8 39. Ke3 Nh6 40. g5 1-0

[Event "Hessen-ch Seniors op 11th"]
[Site "Bad Sooden-Allendorf"]
[Date "2015.05.10"]
[Round "2"]
[White "Kleist, Werner"]
[Black "Bartl, Birgit"]
[Result "1-0"]
[WhiteElo "1815"]
[BlackElo "1506"]
[PlyCount "81"]
[EventDate "2015.05.09"]
[EventType "swiss"]
[EventRounds "9"]
[EventCountry "GER"]
[SourceTitle "EXT 2018"]
[Source "ChessBase"]
[SourceDate "2017.10.13"]
[SourceVersion "1"]
[SourceVersionDate "2017.10.13"]
[SourceQuality "1"]

1. b4 e5 2. b5 d5 3. Bb2 Bd6 4. e3 Nf6 5. c4 0-0 6. Be2 c6 7. cxd5 cxd5 8. Nf3 Nbd7 9. 0-0 h6 10. a4 b6 11. d3 Bb7 12. Nbd2 e4 13. dxe4 dxe4 14. Nd4 Nc5 15. Nc4 Bc7 16. Qc2 Rc8 17. Rfd1 Qe7 18. Nf5 Qe8 19. Nfd6 Bxd6 20. Nxd6 Qe7 21. Nxc8 Rxc8 22. Qb1 Nd5 23. Bd4 f6 24. Qb2 Kh8 25. Qa3 Qe6 26. Rac1 Kh7 27. h3 f5 28. f3 exf3 29. Bxf3 Re8 30. Bxc5 bxc5 31. Qb3 Nxe3 32. Qxe6 Rxe6 33. Bxb7 Nxd1 34. Rxd1 f4 35. Kf2 h5 36. Rd5 Kh6 37. Rxc5 Re3 38. Rc6+ g6 39. Ra6 h4 40. Rxa7 Rg3 41. Bf3 1-0

[Event "GER-chB Seniors 26th"]
[Site "Bad Neuenahr"]
[Date "2014.08.12"]
[Round "8"]
[White "Bartl, Birgit"]
[Black "Thol, Alfons"]
[Result "1-0"]
[WhiteElo "1518"]
[BlackElo "940"]
[PlyCount "31"]
[EventDate "2014.08.05"]
[EventType "swiss"]
[EventRounds "9"]
[EventCountry "GER"]
[SourceTitle "EXT 2018"]
[Source "ChessBase"]
[SourceDate "2017.10.13"]
[SourceVersion "1"]
[SourceVersionDate "2017.10.13"]
[SourceQuality "1"]

1. d4 d5 2. Nf3 h6 3. e3 Nf6 4. c3 Bf5 5. Bd3 Bh7 6. Bxh7 Nxh7 7. Nbd2 c6 8. 0-0 e6 9. e4 Be7 10. exd5 cxd5 11. Qa4+ Nd7 12. Ne5 Bd6 13. Ndf3 f6 14. Ng6 Kf7 15. Qc2 Qe8 16. Bf4 1-0

[Event "GER-chB Seniors 26th"]
[Site "Bad Neuenahr"]
[Date "2014.08.11"]
[Round "7"]
[White "Bartl, Birgit"]
[Black "Luebbers, Doris"]
[Result "1/2-1/2"]
[WhiteElo "1518"]
[BlackElo "1578"]
[PlyCount "56"]
[EventDate "2014.08.05"]
[EventType "swiss"]
[EventRounds "9"]
[EventCountry "GER"]
[SourceTitle "EXT 2018"]
[Source "ChessBase"]
[SourceDate "2017.10.13"]
[SourceVersion "1"]
[SourceVersionDate "2017.10.13"]
[SourceQuality "1"]

1. d4 d5 2. Nf3 Nf6 3. e3 e6 4. Be2 Bd6 5. 0-0 0-0 6. Nbd2 b6 7. h3 c5 8. dxc5 Bxc5 9. Nb3 Bd6 10. c4 Bb7 11. Nbd4 Qe7 12. b3 Nbd7 13. Bb2 Rac8 14. Nb5 Bb8 15. Rc1 a6 16. Ba3 Nc5 17. Nbd4 Bd6 18. Re1 Rfd8 19. Nh2 h6 20. Bf3 Nce4 21. Bxd6 Nxd6 22. Ng4 Nxg4 23. hxg4 Ne4 24. Qe2 Ng5 25. cxd5 Nxf3+ 26. Nxf3 Rxd5 27. Rxc8+ Bxc8 28. Rc1 Rc5 1/2-1/2

[Event "Hessen-ch Seniors op 10th"]
[Site "Bad Sooden-Allendorf"]
[Date "2014.04.28"]
[Round "3"]
[White "Bartl, Birgit"]
[Black "Mittelstaedt, Ewald"]
[Result "0-1"]
[WhiteElo "1511"]
[BlackElo "1641"]
[PlyCount "98"]
[EventDate "2014.04.26"]
[EventType "swiss"]
[EventRounds "9"]
[EventCountry "GER"]
[SourceTitle "EXT 2018"]
[Source "ChessBase"]
[SourceDate "2017.10.13"]
[SourceVersion "1"]
[SourceVersionDate "2017.10.13"]
[SourceQuality "1"]

1. d4 d5 2. Nf3 Nf6 3. e3 Bg4 4. Nbd2 e6 5. c3 Nbd7 6. Be2 Bd6 7. 0-0 c6 8. c4 0-0 9. b3 h6 10. Ne1 Bxe2 11. Qxe2 Re8 12. Bb2 Qb8 13. h3 e5 14. cxd5 Nxd5 15. Qd1 e4 16. Nc4 Bc7 17. f3 b5 18. Nd2 Nxe3 19. Qb1 Nxf1 20. Nxf1 exf3 21. Nxf3 Nf6 22. Qf5 Nd5 23. Bc1 Re6 24. g4 Rf6 25. Qd3 Nf4 26. Bxf4 Bxf4 27. Re1 Qd6 28. Ne3 Re8 29. Nf5 Rxe1+ 30. Nxe1 Qe6 31. Nf3 g6 32. N5h4 Be3+ 33. Kg2 Bf4 34. Kf2 Qd6 35. Kg2 Qd5 36. Kf2 Re6 37. Ng2 Bd6 38. Ne3 Qe4 39. Qc3 Bf4 40. Ne5 Rf6 41. Ke2 Bxe5 42. dxe5 Qf3+ 43. Kd3 Re6 44. h4 f6 45. Qc5 Rxe5 46. Qxa7 Rd5+ 47. Kc3 Re5 48. Qb8+ Kf7 49. Qb7+ Re7 0-1

[Event "Hessen-ch Seniors op 09th"]
[Site "Bad Sooden-Allendorf"]
[Date "2013.04.26"]
[Round "7"]
[White "Bartl, Birgit"]
[Black "Wauer, Klaus"]
[Result "0-1"]
[WhiteElo "1502"]
[BlackElo "1794"]
[PlyCount "25"]
[EventDate "2013.04.20"]
[EventType "swiss"]
[EventRounds "9"]
[EventCountry "GER"]
[SourceTitle "EXT 2019"]
[Source "ChessBase"]
[SourceDate "2018.10.10"]
[SourceVersion "1"]
[SourceVersionDate "2018.10.10"]
[SourceQuality "1"]

1. d4 d5 2. Nf3 c6 3. e3 Nf6 4. c3 Bf5 5. Bd3 Bxd3 6. Qxd3 Nbd7 7. 0-0 Qc7 8. h3 e5 9. Re1 e4 10. Qe2 exf3 11. Qxf3 Bd6 12. Nd2 0-0 13. Ne4 0-1

[Event "Hessen-ch Seniors op 09th"]
[Site "Bad Sooden-Allendorf"]
[Date "2013.04.21"]
[Round "2"]
[White "Samarian, Cornel"]
[Black "Bartl, Birgit"]
[Result "1-0"]
[WhiteElo "1784"]
[BlackElo "1502"]
[PlyCount "67"]
[EventDate "2013.04.20"]
[EventType "swiss"]
[EventRounds "9"]
[EventCountry "GER"]
[SourceTitle "EXT 2019"]
[Source "ChessBase"]
[SourceDate "2018.10.10"]
[SourceVersion "1"]
[SourceVersionDate "2018.10.10"]
[SourceQuality "1"]

1. d4 d5 2. Nf3 Nf6 3. c4 e6 4. Nc3 Be7 5. e3 0-0 6. cxd5 Nxd5 7. Be2 b6 8. 0-0 Nd7 9. Nxd5 exd5 10. b3 Nf6 11. Ne5 Bb7 12. Bb2 a6 13. Rc1 c5 14. f3 a5 15. a4 Nd7 16. Bb5 Nxe5 17. dxe5 Bg5 18. f4 Bh6 19. Rc2 Qe7 20. Bc1 f6 21. exf6 Qxf6 22. Bb2 Qe7 23. Re2 Rad8 24. Qc2 Bc8 25. Bd3 Bg4 26. Ree1 Qe6 27. Bxh7+ Kh8 28. Bd3 Bf5 29. Bxf5 Rxf5 30. g4 Qg6 31. Qxf5 Qxf5 32. gxf5 Rf8 33. Be5 Rxf5 34. Rd1 1-0

[Event "Hessen-ch Seniors op 08th"]
[Site "Bad Sooden-Allendorf"]
[Date "2012.04.16"]
[Round "3"]
[White "Bartl, Birgit"]
[Black "Just, Joachim"]
[Result "0-1"]
[WhiteElo "1508"]
[BlackElo "2030"]
[PlyCount "78"]
[EventDate "2012.04.14"]
[EventType "swiss"]
[EventRounds "9"]
[EventCountry "GER"]
[SourceTitle "EXT 2019"]
[Source "ChessBase"]
[SourceDate "2018.10.10"]
[SourceVersion "1"]
[SourceVersionDate "2018.10.10"]
[SourceQuality "1"]

1. d4 g6 2. Nf3 Nf6 3. Nbd2 d5 4. e3 Bg7 5. c3 0-0 6. Bd3 c6 7. 0-0 Bg4 8. Re1 Nbd7 9. e4 dxe4 10. Nxe4 Nxe4 11. Bxe4 Nf6 12. Bd2 Nxe4 13. Rxe4 h5 14. h3 Bf5 15. Re1 Re8 16. Ng5 Qd5 17. Nf3 Rad8 18. Qc1 b5 19. a3 Bxh3 20. Re3 Bc8 21. Qe1 Bf6 22. Rd1 Bg4 23. Qe2 a5 24. Re1 Kg7 25. Re5 Bxe5 26. Qxe5+ Qxe5 27. Nxe5 Bd7 28. Be3 f6 29. Nd3 Be6 30. Nc5 Bd5 31. g3 g5 32. b3 a4 33. bxa4 bxa4 34. Nxa4 Ra8 35. Nb6 Ra6 36. c4 Rxb6 37. cxd5 cxd5 38. a4 Rb4 39. a5 Ra4 0-1